Foreign labour in the United Kingdom (Record no. 77881)
[ view plain ]
| 000 -LEADER | |
|---|---|
| fixed length control field | 01467cab a2200241 4500 |
| 001 - CONTROL NUMBER | |
| control field | ##L135383 |
| 008 - FIXED-LENGTH DATA ELEMENTS--GENERAL INFORMATION | |
| fixed length control field | 061023n2006 000 0 eng u |
| 035 ## - SYSTEM CONTROL NUMBER | |
| System control number | (Sirsi) u135383 |
| 041 0# - LANGUAGE CODE | |
| Language code of text/sound track or separate title | eng |
| 100 1# - MAIN ENTRY--PERSONAL NAME | |
| Personal name | Millar, Jane |
| 245 00 - TITLE STATEMENT | |
| Title | Foreign labour in the United Kingdom |
| Remainder of title | current patterns and trends |
| 260 ## - PUBLICATION, DISTRIBUTION, ETC. | |
| Date of publication, distribution, etc. | 2006 |
| 490 #0 - SERIES STATEMENT | |
| Series statement | ONS Labour Market Trends |
| Volume/sequential designation | 114(10) October 2006 |
| 520 ## - SUMMARY, ETC. | |
| Summary, etc. | Examines the scale and nature of labour immigration to the UK. Looks at the numbers and types of foreign workers coming through the main official routes and schemes, and provides figures for work permits and first permissions granted by industry for construction and land services (1995, 2000 and 2005) and flows of employed migrants from the skilled construction and building trade (2000-2004). Concludes that the numbers of foreign workers has been increasing and foreign workers have tended to be more skilled than domestic workers. However, this may change with the inflow from new EU states in Eastern Europe. |
| 590 ## - LOCAL NOTE (RLIN) | |
| Local note | IKA311006 |
| 650 24 - SUBJECT ADDED ENTRY--TOPICAL TERM | |
| Topical term or geographic name entry element | ONS LABOUR MARKET TRENDS |
| 651 #4 - SUBJECT ADDED ENTRY--GEOGRAPHIC NAME | |
| Geographic name | United Kingdom |
| Chronological subdivision | |
| 690 ## - LOCAL SUBJECT ADDED ENTRY--TOPICAL TERM (OCLC, RLIN) | |
| Topical term or geographic name as entry element | BUILT ENVIRONMENT-CONSTRUCTION MARKET |
| 700 1# - ADDED ENTRY--PERSONAL NAME | |
| Personal name | Salt, John |
| 710 2# - ADDED ENTRY--CORPORATE NAME | |
| Corporate name or jurisdiction name as entry element | Office for National Statistics |
| 9 (RLIN) | 2210 |
| 856 40 - ELECTRONIC LOCATION AND ACCESS | |
| Uniform Resource Identifier | <a href="https://www.ons.gov.uk/ons/search/index.html?pageSize=50&newquery=%22foreign+labour+in+the+united+kingdom%22+current+patterns+and+trends">https://www.ons.gov.uk/ons/search/index.html?pageSize=50&newquery=%22foreign+labour+in+the+united+kingdom%22+current+patterns+and+trends</a> |
| Public note | View the article free of charge at www.ons.gov.uk... |
| 942 ## - ADDED ENTRY ELEMENTS (KOHA) | |
| Suppress in OPAC | 0 |
| Withdrawn status | Lost status | Source of classification or shelving scheme | Damaged status | Not for loan | Home library | Current library | Shelving location | Date acquired | Total Checkouts | Full call number | Barcode | Date last seen | Copy number | Price effective from | Koha item type |
|---|---|---|---|---|---|---|---|---|---|---|---|---|---|---|---|
| Dewey Decimal Classification | Virtual | Virtual | Online | 23/10/2006 | L135383 | 135383-2001 | 06/08/2019 | 1 | 06/08/2019 | Journal article |